000 00641nam a22001937a 4500
999 _c164829
_d164829
005 20220221165752.0
010 _aENG-125338
020 _a9789380336008
_c450.00
035 _aEN-108870
037 _bDBAD/PUB
082 _a954.03
100 _aSen, Ranjit
245 _a1857 visions resurrected:
_bshaping ideas from oblivion/
_cby Ranjit Sen
260 _aKolkata
_bFrame Eternity
_c2010
270 _a78B-Shakespeare Sarani,
_bKolkata
_e700019
_mmahabodhibookagency@hotmail.com
_k033-22419363, 9831077368
300 v _a206p.
_c22cm(Hb)
500 _ainclude bibliography and index
942 _2ddc
_cEN
_h954.03
_mSEN